000 00590nas a2200217 4500
001 BR7805756
003 BR-BrBNA
005 20231205083517.0
007 ta
008 230509b bl.|||p| |||| 00| 00por d
040 _aBR-BrBNA
_bpor
_cBiblioteca Nacional de Agricultura
041 _a(Pt)
072 _aH00
100 1 _aCavero, E.S.
245 1 _aToxicologia dos inseticidas
650 _aINSETICIDA
650 _aTOXIDEZ
773 0 _tAgros (Brazil)
_xISSN 0365-2742
_g(Dec 1978), v. 13(2-3) p. 47-56
_wBR7805756
909 _a202311
_bLúcia
_c55
_dLúcia Elande
942 _2AGRIS
_n0
_cANA
999 _c99282
_d99282